Manažment environmentálnych inovácií bakalárska práca

Saved in:
Bibliographic Details
Main Author: Omachelová, Lucia
Corporate Author: Fakulta podnikového manažmentu EU. Katedra podnikovohospodárska
Other Authors: Pusztiová, Lea, 1994-
Format: Book
Language:Slovak
Published: Bratislava 2023
Tags: Add Tag
No Tags, Be the first to tag this record!

MARC

LEADER 00000nbm a2200000 4500
001 0293719
005 20240417132629.5
041 0 |a slo 
044 |a SK 
245 1 0 |a Manažment environmentálnych inovácií  |b bakalárska práca  |c Lucia Omachelová ; školiteľ: Lea Pusztiová 
264 1 |a Bratislava  |c 2023 
300 |a 42 s. 
100 1 |a Omachelová, Lucia 
700 1 |a Pusztiová, Lea, 1994- 
710 2 |a Fakulta podnikového manažmentu EU. Katedra podnikovohospodárska